| 000 | 00515nam a22001697a 4500 | ||
|---|---|---|---|
| 999 |
_c8336 _d8336 |
||
| 008 | 201113b ||||| |||| 00| 0 eng d | ||
| 040 | _aBMS College of Architecture | ||
| 100 | _aThoms, Kevin John | ||
| 245 | _aDisaster prevention park | ||
| 300 | _aNA | ||
| 500 | _a1BM15AT039 | ||
| 502 |
_8B,Arch _NBMS College of Architecture, Visvesvaraya Technological University (VTU) _aProject report _d2019 |
||
| 650 | _apark | ||
| 700 |
_aMamta Verma _eGuide |
||
| 700 |
_aSanal Suresh Karayil _eGuide |
||
| 942 |
_2ddc _cTHE |
||